Modern Grinding Technology and Systems (Record no. 24177)

MARC details
000 -LEADER
fixed length control field 01118nam a2200121Ia 4500
008 - FIXED-LENGTH DATA ELEMENTS--GENERAL INFORMATION
fixed length control field 220620s9999||||xx |||||||||||||| ||und||
100 ## - MAIN ENTRY--PERSONAL NAME
Personal name Rowe, Brian
245 #0 - TITLE STATEMENT
Title Modern Grinding Technology and Systems
546 ## - LANGUAGE NOTE
Language note English[eng]
650 ## - SUBJECT ADDED ENTRY--TOPICAL TERM
Topical term or geographic name entry element wheels||safe operation||precision||lubrication||surface roughness||microgrinding||high-performance dry grinding||micro-grinding||brittle hard materials||glass||micropencil grinding tools||topography||glass–ceramic||cutting edge||coolant delivery||quality||fusion||materials||metal additive manufacturing||profile gear grinding||grinding fluid||coolant||contact conditions||metal cutting fluid||grinding||self-sharpening||mass finishing||process optimization||centerless grinding||grinding fluid nozzle||laser||productivity||systems||subsurface damages||NC-form grinding||sodium dodecyl sulfate||grinding wheels||processes||jet breakup||control||removal rates||wear modelling||precision grinding||optics manufacturing||sensors||bonding||microstructures||machines||thermo-mechanical stress collective
856 ## - ELECTRONIC LOCATION AND ACCESS
Uniform Resource Identifier <a href="https://mdpi.com/books/pdfview/book/1345">https://mdpi.com/books/pdfview/book/1345</a>
942 ## - ADDED ENTRY ELEMENTS (KOHA)
Koha item type E-Books
Holdings
Withdrawn status Lost status Damaged status Not for loan Home library Current library Date acquired Total Checkouts Date last seen Price effective from Koha item type
        Kerala University of Digital Sciences, Innovation and Technology Knowledge Centre Kerala University of Digital Sciences, Innovation and Technology Knowledge Centre 20/06/2022   20/06/2022 20/06/2022 E-Books